Business and Professional Communication: Keys for Workplace Excellence (Record no. 21747)
[ view plain ]
| 000 -LEADER | |
|---|---|
| fixed length control field | 00549nam a22001817a 4500 |
| 005 - DATE AND TIME OF LATEST TRANSACTION | |
| control field | 20230116180516.0 |
| 008 - FIXED-LENGTH DATA ELEMENTS--GENERAL INFORMATION | |
| fixed length control field | 221109b |||||||| |||| 00| 0 eng d |
| 020 ## - INTERNATIONAL STANDARD BOOK NUMBER | |
| International Standard Book Number | 9781544371771 |
| 082 ## - DEWEY DECIMAL CLASSIFICATION NUMBER | |
| Classification number | 658.45 |
| 100 ## - MAIN ENTRY--PERSONAL NAME | |
| Personal name | Quintanilla, Kelly M |
| 245 ## - TITLE STATEMENT | |
| Title | Business and Professional Communication: Keys for Workplace Excellence |
| 250 ## - EDITION STATEMENT | |
| Edition statement | 4th ed |
| 260 ## - PUBLICATION, DISTRIBUTION, ETC. | |
| Place of publication, distribution, etc. | London: |
| Name of publisher, distributor, etc. | Sage Publications, |
| Date of publication, distribution, etc. | 2020 |
| 300 ## - PHYSICAL DESCRIPTION | |
| Extent | xxxii, 424p.: ill.; 25cm |
| 500 ## - GENERAL NOTE | |
| General note | Includes Bibliographical References and Index |
| 700 ## - ADDED ENTRY--PERSONAL NAME | |
| Personal name | Wahl, Shawn T. |
| 942 ## - ADDED ENTRY ELEMENTS (KOHA) | |
| Source of classification or shelving scheme | Dewey Decimal Classification |
| Koha item type | Books |
| Suppress in OPAC | No |
| Withdrawn status | Lost status | Source of classification or shelving scheme | Damaged status | Not for loan | Collection code | Home library | Current library | Shelving location | Date acquired | Source of acquisition | Full call number | Barcode | Date last seen | Price effective from | Koha item type |
|---|---|---|---|---|---|---|---|---|---|---|---|---|---|---|---|
| Dewey Decimal Classification | Not For Loan | Non-fiction | IFM Main Campus Library | IFM Main Campus Library | Special Reserve Collection | 11/09/2022 | Purchase | 658.45 QUI | 0000023105 | 11/09/2022 | 11/09/2022 | Books | |||
| Dewey Decimal Classification | Not For Loan | Non-fiction | IFM Mwanza Campus | IFM Mwanza Campus | Mwanza Teaching Center | 11/09/2022 | Purchase | 658.45 QUI | 0000023106 | 11/14/2022 | 11/09/2022 | Books |
